Politics and society in the third world : an introduction
Αποθηκεύτηκε σε:
| Κύριος συγγραφέας: | |
|---|---|
| Άλλοι συγγραφείς: | |
| Μορφή: | Βιβλίο |
| Γλώσσα: | English |
| Δημοσίευση: |
London :
Prentice Hall,
c1996
|
| Θέματα: | |
| Ετικέτες: |
Προσθήκη ετικέτας
Δεν υπάρχουν, Καταχωρήστε ετικέτα πρώτοι!
|
MARC
| LEADER | 00000nam a2200000 i 4500 | ||
|---|---|---|---|
| 001 | 1/4804 | ||
| 008 | 000602s1996 eng d | ||
| 020 | |a 0-13-355231-4 | ||
| 035 | |l 10061352 | ||
| 040 | |a GR-MY-UA |b gre |e aacr | ||
| 041 | 0 | |a eng | |
| 082 | 0 | |a 306.091724 | |
| 100 | 1 | |a Calvert, Susan. | |
| 245 | 1 | 0 | |a Politics and society in the third world : |b an introduction / |c Susan and Peter Calvert |
| 260 | |a London : |b Prentice Hall, |c c1996 | ||
| 300 | |a 292 p. |b tabl. | ||
| 504 | |a Includes bibliographical references and index | ||
| 651 | 0 | |a Developing countries |x Social conditions. | |
| 651 | 0 | |a Developing countries |x Politics and government. | |
| 700 | 1 | |a Calvert, Peter. | |
| 852 | |a INST |b LESVOS |e 20000602 |h 306.091724 CAL |p 005100024154 |q 005100024154 |t BK |y 0 | ||
| 901 | |a BIBL1-2000-2 | ||
| 909 | |a Λ |b 080076 | ||
| 922 | |a 1ΕΛΗ |b 200005 |c ΚΠΣ/ΤΓ |d LEADER | ||
| 950 | |a 118-1999-09-20 | ||
| 970 | |a ΜΟΥΣΤΑΚΑ |b ΠΗΝΕΛΟΠΗ |z 2000/06/03 | ||